Energy Act 2010 (Record no. 110635)

MARC details
000 -LEADER
fixed length control field 01229cad a22002295a 4500
001 - CONTROL NUMBER
control field E149808
008 - FIXED-LENGTH DATA ELEMENTS--GENERAL INFORMATION
fixed length control field 100429s2010 xxk f lf000 0 eng d
035 ## - SYSTEM CONTROL NUMBER
System control number (Sirsi) u149808
041 0# - LANGUAGE CODE
Language code of text/sound track or separate title eng
110 2# - MAIN ENTRY--CORPORATE NAME
Corporate name or jurisdiction name as entry element United Kingdom
Form subheading Laws, etc
9 (RLIN) 5044
245 00 - TITLE STATEMENT
Title Energy Act 2010
Medium [electronic resource]
260 ## - PUBLICATION, DISTRIBUTION, ETC.
Place of publication, distribution, etc. London
Name of publisher, distributor, etc. OPSI
Date of publication, distribution, etc. 2010
505 2# - FORMATTED CONTENTS NOTE
Formatted contents note Part 1: carbon capture and storage and decarbonisation -- Part 2: schemes for reducing fuel poverty -- Part 3: regulation of gas and electricity markets -- Part 4: final provisions
520 ## - SUMMARY, ETC.
Summary, etc. Makes provision relating to carbon capture and storage technology; decarbonisation of electricity generation; benefits provided by holders of gas or electricity supply licences; the Gas and Electricity Markets Authority; the general duties of the Secretary of State in relation to gas and electricity markets; electricity generation licences; and gas or electricity suppliers.
521 ## - TARGET AUDIENCE NOTE
Target audience note Advanced
590 ## - LOCAL NOTE (RLIN)
Local note KA NTK
651 #4 - SUBJECT ADDED ENTRY--GEOGRAPHIC NAME
Geographic name England and Wales
Chronological subdivision 1543-
651 #4 - SUBJECT ADDED ENTRY--GEOGRAPHIC NAME
Geographic name Scotland
Chronological subdivision 1999-
690 ## - LOCAL SUBJECT ADDED ENTRY--TOPICAL TERM (OCLC, RLIN)
Topical term or geographic name as entry element ENVIRONMENTAL AND LAND CONSULTANCY-ENERGY
856 40 - ELECTRONIC LOCATION AND ACCESS
Uniform Resource Identifier <a href="https://www.opsi.gov.uk/acts/acts2010/ukpga_20100027_en_1">https://www.opsi.gov.uk/acts/acts2010/ukpga_20100027_en_1</a>
Public note View the Act free of charge at www.opsi.gov.uk
942 ## - ADDED ENTRY ELEMENTS (KOHA)
Suppress in OPAC 0
Holdings
Withdrawn status Lost status Source of classification or shelving scheme Damaged status Not for loan Home library Current library Shelving location Date acquired Total Checkouts Full call number Barcode Date last seen Copy number Price effective from Koha item type
    Dewey Decimal Classification     Virtual Virtual Online 29/04/2010   ONLINE PUBLICATION 149808-2001 06/08/2019 1 06/08/2019 Book